Introduction a la logique

Guardat en:
Dades bibliogràfiques
Autor principal: Tarski, Alfred (Autor)
Format: Llibre
Idioma:francès
Publicat: París Gauthier-Villars 1969
Edició:2a. ed
Col·lecció:Collection de Logique Mathématique, 16
Matèries:
Etiquetes: Afegir etiqueta
Sense etiquetes, Sigues el primer a etiquetar aquest registre!

MARC

LEADER 00000nam a2200000 a 4500
001 UCQ8696
003 CL-VaPUC
008 981217e19690000FR |||||||||||||||||fre|d
082 0 4 |a 511.3  |b TAR  |2 21 
100 0 |a Tarski, Alfred  |e author  |9 422807 
245 1 0 |a Introduction a la logique 
250 |a 2a. ed 
300 |a 246 p 
942 |c BK 
945 |d 19981217 00:00:00  |a cmena 
260 |a París  |b Gauthier-Villars  |c 1969 
650 0 |a Lógica  |9 256849 
650 0 |a Lógica matemática   |9 262442 
650 7 |a DEDUCCION  |2 CL-VaPUC  |9 336246 
650 0 |a Ejercicios   |9 269807 
650 0 |a Relaciones matemáticas  |9 359925 
583 |a last modification  |c 19981217 00:00:00  |k Rodrigo Vera 
490 0 |a Collection de Logique Mathématique, 16 
999 |c 277882  |d 277880 
952 |0 0  |1 0  |4 0  |6 511_300000000000000_TAR_1969  |7 0  |8 A  |9 316142  |a BIBMAT  |b BIBMAT  |d 2019-11-20  |i 1307746  |o 511.3 TAR 1969  |p 1307746  |r 2025-01-07  |w 2019-11-20  |y BK  |k MAT